[Event "Mechanics' Spring TNM; 30/90, SD/30"]
[Site "San Francisco"]
[Date "2012.03.20"]
[Round "2.30"]
[White "Chadwick, Richard"]
[Black "Cowgill, Jackie"]
[Result "1-0"]
[WhiteElo "1600"]
[BlackElo "822"]
[PlyCount "37"]
[EventDate "2012.??.??"]

1. e4 e5 2. f4 exf4 3. Nf3 Nc6 4. Bc4 Bc5 5. d4 Bb4+ 6. c3 Ba5 7. O-O d6 8.
Bxf4 Nf6 9. e5 Nh5 10. Bxf7+ Ke7 11. Bxh5 h6 12. exd6+ cxd6 13. Ng5 Rf8 14.
Qe2+ Ne5 15. dxe5 hxg5 16. exd6+ Kd7 17. Bg4+ Kc6 18. Qc4+ Kb6 19. Be3# 1-0

[Event "Mechanics' Spring TNM; 30/90, SD/30"]
[Site "San Francisco"]
[Date "2012.04.03"]
[Round "4.25"]
[White "Chadwick, Richard"]
[Black "Furukawa, Jon"]
[Result "0-1"]
[WhiteElo "1600"]
[BlackElo "1275"]
[PlyCount "106"]
[EventDate "2012.??.??"]

1. c4 e5 2. Nc3 Nf6 3. Nf3 Nc6 4. g3 d5 5. cxd5 Nxd5 6. d3 Nb6 7. Bg2 Be7 8.
O-O O-O 9. a3 Be6 10. b4 a5 11. b5 Nd4 12. Nxd4 exd4 13. Na4 Nxa4 14. Qxa4 Bd5
15. Bb2 Bxg2 16. Kxg2 Bf6 17. Qc4 Rc8 18. e3 c5 19. Rfe1 b6 20. Rad1 Qd7 21. e4
g5 22. Bc1 Qe6 23. f4 h6 24. f5 Qxc4 25. dxc4 Rcd8 26. Rd3 Be5 27. Rh1 f6 28.
Kf3 Kg7 29. h4 Rh8 30. Bd2 Rde8 31. Be1 Rh7 32. a4 Kg8 33. Rb3 Bd6 34. Bf2 g4+
35. Kxg4 Rxe4+ 36. Kf3 Rhe7 37. Rd3 h5 38. Rhd1 Rg4 39. Re1 Re5 40. Rxe5 fxe5
41. Ke2 e4 42. Ra3 Kf7 43. Be1 e3 44. Kf3 Kf6 45. Rd3 Kxf5 46. Rd1 Be5 47. Rb1
Re4 48. Bxa5 bxa5 49. b6 e2 50. g4+ hxg4+ 51. Kf2 g3+ 52. Ke1 g2 53. Kf2 e1=Q+
0-1

[Event "Mechanics' Spring TNM; 30/90, SD/30"]
[Site "San Francisco"]
[Date "2012.04.17"]
[Round "6.25"]
[White "Chadwick, Richard"]
[Black "Wishard, Bruce"]
[Result "1-0"]
[WhiteElo "1600"]
[BlackElo "1370"]
[PlyCount "81"]
[EventDate "2012.??.??"]

1. e4 e5 2. f4 exf4 3. Nf3 Nc6 4. d4 Nf6 5. Bd3 Bb4+ 6. c3 Ba5 7. Bxf4 d6 8.
Nbd2 O-O 9. O-O Bg4 10. Qc2 Re8 11. Rae1 Ne7 12. Bg5 Ng6 13. Nc4 Bb6 14. Nxb6
axb6 15. e5 h6 16. Bxf6 gxf6 17. Bxg6 Kh8 18. Bxf7 Re7 19. Qg6 Qf8 20. Qxf6+
Kh7 21. Bg6+ Kg8 22. Qxf8+ Kxf8 23. Nh4+ Kg7 24. Bf5 Bh5 25. e6 c5 26. Bd3 Bg4
27. Nf5+ Bxf5 28. Bxf5 Rae8 29. d5 b5 30. Re3 Rf8 31. Rg3+ Kh8 32. Bc2 Rg8 33.
Rf7 Rxg3 34. Rxe7 Re3 35. Kf2 Re5 36. Rxb7 Rxd5 37. e7 Re5 38. Rb8+ Kg7 39.
e8=Q Rxe8 40. Rxe8 Kf7 41. Rh8 1-0

[Event "Mechanics' Mar TNM; 30/90, SD/30"]
[Site "San Francisco"]
[Date "2012.09.11"]
[Round "7.6"]
[White "Chamberlain, Ethan"]
[Black "Afkham-Ebrahimi, Payam"]
[Result "1-0"]
[WhiteElo "1972"]
[BlackElo "1873"]
[PlyCount "63"]
[EventDate "2012.??.??"]

1. e4 c6 2. d4 d5 3. Nc3 dxe4 4. Nxe4 Bf5 5. Ng3 Bg6 6. h4 h6 7. Nf3 Nf6 8. Ne5
Bh7 9. Bd3 Bxd3 10. Qxd3 Nbd7 11. f4 e6 12. Bd2 Qb6 13. O-O-O Nd5 14. Nxd7 Kxd7
15. c4 Nb4 16. Bxb4 Bxb4 17. d5 cxd5 18. cxd5 Rac8+ 19. Kb1 Rhd8 20. dxe6+ Kc7
21. Rc1+ Kb8 22. Rxc8+ Kxc8 23. Rc1+ Kb8 24. Qb3 fxe6 25. Nh5 Qd4 26. Qxe6 Bd2
27. Rd1 Qd3+ 28. Ka1 a5 29. Nxg7 a4 30. a3 Rc8 31. Qe5+ Ka7 32. Qa5+ 1-0

[Event "Mechanics' Mar TNM; 30/90, SD/30"]
[Site "San Francisco"]
[Date "2012.07.31"]
[Round "1.8"]
[White "Chamberlain, Ethan"]
[Black "Cole, Tony"]
[Result "1-0"]
[WhiteElo "1972"]
[BlackElo "1604"]
[PlyCount "63"]
[EventDate "2012.??.??"]

1. e4 e5 2. Nf3 Nc6 3. Bc4 Nf6 4. d4 exd4 5. e5 Ng4 6. O-O d5 7. Bb5 Bd7 8.
Bxc6 Bxc6 9. Nxd4 h5 10. h3 Nh6 11. e6 Qf6 12. Nxc6 bxc6 13. exf7+ Nxf7 14.
Re1+ Be7 15. Qe2 d4 16. Nd2 Nd6 17. Nf3 Nf5 18. Bg5 Qd6 19. Bxe7 Nxe7 20. Nh4
Kd7 21. Rad1 c5 22. c3 Rae8 23. cxd4 cxd4 24. Nf3 c5 25. Ne5+ Kc7 26. Nf7 Ng6
27. Qc4 Rxe1+ 28. Rxe1 Qb6 29. Nxh8 Nxh8 30. Re7+ Kd8 31. Rxg7 Ng6 32. Qg8+ 1-0

[Event "Mechanics' Mar TNM; 30/90, SD/30"]
[Site "San Francisco"]
[Date "2012.08.14"]
[Round "3.2"]
[White "Chamberlain, Ethan"]
[Black "Fuentes, Romulo"]
[Result "0-1"]
[WhiteElo "1972"]
[BlackElo "2205"]
[PlyCount "54"]
[EventDate "2012.??.??"]

1. e4 c5 2. Nf3 d6 3. d4 cxd4 4. Nxd4 Nf6 5. Nc3 a6 6. Be2 e5 7. Nb3 Be6 8. f4
Nbd7 9. f5 Bxb3 10. axb3 d5 11. exd5 Bc5 12. Bg5 Bd4 13. Qd2 O-O 14. O-O-O Qb6
15. Kb1 Rfc8 16. Na4 Qd6 17. Be3 b5 18. Nc3 Bxc3 19. bxc3 Ne4 20. Qd3 Nxc3+ 21.
Kb2 Nxd1+ 22. Rxd1 b4 23. Qe4 a5 24. Bc4 a4 25. g4 axb3 26. Bxb3 Qa6 27. Kc1
Qe2 0-1

[Event "Mechanics' Mar TNM; 30/90, SD/30"]
[Site "San Francisco"]
[Date "2012.08.28"]
[Round "5.3"]
[White "Chamberlain, Ethan"]
[Black "Rumph, Todd"]
[Result "1-0"]
[WhiteElo "1972"]
[BlackElo "2179"]
[PlyCount "91"]
[EventDate "2012.??.??"]

1. e4 e5 2. Nf3 Nc6 3. Bc4 Nf6 4. d4 exd4 5. e5 d5 6. Bb5 Ne4 7. Nxd4 Bd7 8.
Bxc6 bxc6 9. O-O Be7 10. f3 Nc5 11. Nd2 O-O 12. c3 Nd3 13. Qe2 Nf4 14. Qa6 c5
15. N2b3 Ng6 16. e6 cxd4 17. exd7 dxc3 18. Qc6 Bf6 19. bxc3 Ne7 20. Qa4 Bxc3
21. Rb1 c6 22. Nc5 Ba5 23. Be3 Bb6 24. Rfe1 Qc7 25. Kf1 Rad8 26. Bf4 Rxd7 27.
Bxc7 Rxc7 28. Qf4 d4 29. Qxd4 Nd5 30. Qc4 Ba5 31. Re5 Bb6 32. Rbe1 Nf6 33. Re7
Rxe7 34. Rxe7 Nd5 35. Re5 Rd8 36. g3 h6 37. Kg2 Bc7 38. Re2 Bb6 39. Kh3 Nf6 40.
Re7 Rd5 41. Ne4 Rh5+ 42. Kg2 Nd5 43. Re8+ Kh7 44. Qxc6 Ne3+ 45. Kh1 Rd5 46. Nc3
1-0

[Event "Mechanics' Spring TNM; 30/90, SD/30"]
[Site "San Francisco"]
[Date "2012.05.01"]
[Round "8.7"]
[White "Chen, Mingson"]
[Black "Grey, Peter"]
[Result "0-1"]
[WhiteElo "1902"]
[BlackElo "2013"]
[PlyCount "102"]
[EventDate "2012.??.??"]

1. e4 c5 2. Nc3 Nc6 3. g3 g6 4. Bg2 Bg7 5. d3 d6 6. Be3 Rb8 7. Qd2 b5 8. a3 e6
9. f4 Nge7 10. Nf3 Nd4 11. O-O O-O 12. Rae1 a5 13. Nd1 b4 14. axb4 axb4 15. b3
Nec6 16. f5 exf5 17. Bh6 Nxf3+ 18. Bxf3 Nd4 19. Bg2 Bxh6 20. Qxh6 Nxc2 21. Re2
Nd4 22. Ref2 Qf6 23. Ne3 Qg7 24. Qh4 fxe4 25. dxe4 Be6 26. Nd5 Bxd5 27. exd5
Rbe8 28. g4 f5 29. h3 g5 30. Qg3 f4 31. Qd3 Re3 32. Qxe3 fxe3 33. Rxf8+ Qxf8
34. Rxf8+ Kxf8 35. Be4 h6 36. Bd3 Nxb3 37. Kf1 Nd4 38. Bc4 Ke7 39. Ke1 Kf6 40.
Bd3 Ke5 41. Bc4 Kf4 42. Bd3 Kf3 43. Bf5 e2 44. Bd3 Ke3 45. Bxe2 Nxe2 46. Kd1
Kd3 47. Ke1 b3 48. Kf2 b2 49. h4 b1=Q 50. hxg5 Qg1+ 51. Kf3 Qg3# 0-1

[Event "Mechanics' Spring TNM; 30/90, SD/30"]
[Site "San Francisco"]
[Date "2012.04.10"]
[Round "5.14"]
[White "Chen, Mingson"]
[Black "Newey, Richard"]
[Result "1/2-1/2"]
[WhiteElo "1902"]
[BlackElo "1668"]
[PlyCount "163"]
[EventDate "2012.??.??"]

1. e4 c5 2. Nc3 g6 3. Nf3 d6 4. d4 Bg7 5. dxc5 Bxc3+ 6. bxc3 dxc5 7. Qxd8+ Kxd8
8. Bc4 e6 9. Be3 b6 10. O-O-O+ Ke7 11. Bf4 Nd7 12. Bd6+ Ke8 13. Bb5 a6 14. Bc6
Ra7 15. Ne5 Ne7 16. Nxd7 Bxd7 17. Be5 Rg8 18. Bxd7+ Rxd7 19. Rxd7 Kxd7 20. Rd1+
Kc6 21. Rd6+ Kb5 22. c4+ Kxc4 23. Rxb6 Ra8 24. f3 a5 25. Bf6 Nc8 26. Rb7 Nd6
27. Rd7 Ne8 28. Rxf7 Nxf6 29. Rxf6 e5 30. Rf7 Kc3 31. f4 exf4 32. Rxf4 c4 33.
e5 Re8 34. Rf3+ Kd4 35. Kd2 Rxe5 36. c3+ Kc5 37. Rf7 Rh5 38. h3 Rg5 39. g4 h5
40. Rf4 Rd5+ 41. Ke2 Rd3 42. Rf3 hxg4 43. hxg4 Rd5 44. a4 Re5+ 45. Kd2 Rg5 46.
Rf4 Rd5+ 47. Ke2 Rd3 48. Rf3 Rxf3 49. Kxf3 Kd5 50. Kf4 Ke6 51. Ke4 Kf6 52. Kd5
Kg5 53. Kxc4 Kxg4 54. Kb5 Kf3 55. c4 g5 56. c5 g4 57. c6 g3 58. c7 g2 59. c8=Q
g1=Q 60. Qc3+ Ke4 61. Qc4+ Kf3 62. Qd3+ Kf4 63. Qd2+ Kf3 64. Kxa5 Qa7+ 65. Kb4
Qb6+ 66. Ka3 Qc5+ 67. Kb3 Ke4 68. Qb4+ Kd5 69. Qxc5+ Kxc5 70. Kc3 Kb6 71. Kb4
Ka6 72. Kc4 Ka5 73. Kb3 Ka6 74. Kb4 Kb6 75. a5+ Ka6 76. Ka4 Ka7 77. Kb5 Kb7 78.
a6+ Ka7 79. Ka5 Ka8 80. Kb6 Kb8 81. a7+ Ka8 82. Ka6 1/2-1/2

[Event "Mechanics' Spring TNM; 30/90, SD/30"]
[Site "San Francisco"]
[Date "2012.03.20"]
[Round "2.16"]
[White "Chen, Mingson"]
[Black "Solomonik, Edgar"]
[Result "1/2-1/2"]
[WhiteElo "1902"]
[BlackElo "1562"]
[PlyCount "74"]
[EventDate "2012.??.??"]

1. d4 c6 2. e4 d5 3. Nd2 dxe4 4. Nxe4 Bf5 5. Ng3 Bg6 6. h4 h6 7. Nf3 Nd7 8. h5
Bh7 9. Bd3 Bxd3 10. Qxd3 Qc7 11. Bd2 Ngf6 12. O-O-O e6 13. Qe2 O-O-O 14. Ne5
Nxe5 15. dxe5 Nd7 16. c4 Kb8 17. Rhe1 Be7 18. Ne4 Nc5 19. Qg4 Nxe4 20. Rxe4
Rhg8 21. Bc3 Rxd1+ 22. Qxd1 Rd8 23. Rd4 c5 24. Rxd8+ Qxd8 25. Qxd8+ Bxd8 26.
Kd2 b5 27. Kd3 Kb7 28. Ke4 Kc6 29. b3 a5 30. g4 a4 31. Bd2 Be7 32. f4 axb3 33.
axb3 bxc4 34. bxc4 Kb6 35. g5 Kc6 36. gxh6 gxh6 37. Be3 Bf8 1/2-1/2

[Event "Mechanics' Spring TNM; 30/90, SD/30"]
[Site "San Francisco"]
[Date "2012.03.13"]
[Round "1.20"]
[White "Cheng, Andrew"]
[Black "Chen, Mingson"]
[Result "1/2-1/2"]
[WhiteElo "1373"]
[BlackElo "1902"]
[PlyCount "89"]
[EventDate "2012.??.??"]

1. c4 e6 2. Nc3 d5 3. cxd5 exd5 4. d4 c6 5. Nf3 Nf6 6. g3 Be7 7. Bg2 O-O 8. O-O
Re8 9. Re1 Nbd7 10. e4 Nxe4 11. Nxe4 dxe4 12. Rxe4 Nf6 13. Re2 Be6 14. Ne5 Bd5
15. f3 Qb6 16. Be3 Rad8 17. Qd3 a6 18. f4 Qb5 19. Qxb5 axb5 20. Bxd5 Nxd5 21.
Bd2 Bd6 22. Rc1 Re7 23. h4 Rde8 24. Kf1 Nb4 25. Bxb4 Bxb4 26. Rd1 f6 27. a3 Bd6
28. b4 fxe5 29. dxe5 Bc7 30. Red2 Kf8 31. Kg2 Ra8 32. Rd3 Ke8 33. Kf3 Rd8 34.
Rxd8+ Bxd8 35. Ke4 Bc7 36. g4 Rd7 37. Rxd7 Kxd7 38. f5 Ke7 39. g5 g6 40. Kf4
Kf7 41. Ke4 gxf5+ 42. Kxf5 Bd8 43. e6+ Kg7 44. h5 Be7 45. h6+ 1/2-1/2

[Event "Mechanics' Summer TNM; 30/90, SD/30"]
[Site "San Francisco"]
[Date "2012.06.26"]
[Round "6.12"]
[White "Chernobilskiy, Mikhail"]
[Black "Andries, Craig"]
[Result "0-1"]
[WhiteElo "1855"]
[BlackElo "1950"]
[PlyCount "96"]
[EventDate "2012.??.??"]

1. e4 g6 2. d4 Bg7 3. Nc3 d6 4. h4 h5 5. Be3 c6 6. Qd2 a6 7. Be2 Nd7 8. f4 Ndf6
9. O-O-O Ng4 10. Bxg4 Bxg4 11. Nf3 Qa5 12. Qd3 b5 13. Kb1 b4 14. Ne2 Be6 15. b3
Qc7 16. Ng3 f6 17. d5 Bf7 18. Nd4 cxd5 19. exd5 f5 20. Rhe1 Nh6 21. Ne6 Bxe6
22. dxe6 Rc8 23. Ne2 Ng4 24. Bg1 O-O 25. Nd4 Qc3 26. Re2 a5 27. g3 Nf6 28. Qxc3
Rxc3 29. Re3 Rfc8 30. Rxc3 Rxc3 31. Ne2 Rc8 32. Bb6 Ra8 33. Bd4 a4 34. c4 Ne4
35. Rd3 axb3 36. axb3 Ra3 37. Bxg7 Kxg7 38. Kb2 Nc5 39. Re3 Na4+ 40. Kb1 Nb6
41. Kb2 Nxc4+ 42. bxc4 Rxe3 43. Nd4 Kf6 44. Nc2 Rc3 45. Nxb4 Rxc4 46. Nd3 Kxe6
47. Kb3 Re4 48. Kc2 Re3 0-1

[Event "Mechanics' Fall TNM; 30/90, SD/30"]
[Site "San Francisco"]
[Date "2012.10.16"]
[Round "1.21"]
[White "Chernobilskiy, Mikhail"]
[Black "Godfrey, Benjamin"]
[Result "1-0"]
[WhiteElo "1871"]
[BlackElo "1072"]
[PlyCount "69"]
[EventDate "2012.??.??"]

1. e4 c6 2. d4 d5 3. exd5 cxd5 4. c4 Nf6 5. Nc3 Bf5 6. Bf4 e6 7. c5 a6 8. Nf3
Nc6 9. Be2 Be7 10. Nh4 Bg6 11. Nxg6 hxg6 12. O-O Nh5 13. Be3 Bg5 14. f4 Bh4 15.
Bf3 Ne7 16. Qa4+ Nc6 17. b4 b5 18. Nxb5 axb5 19. Qxb5 Qc7 20. a3 Kd7 21. Qd3
Nxf4 22. Bxf4 Qxf4 23. Bxd5 Bf2+ 24. Rxf2 Qxh2+ 25. Kf1 Qh1+ 26. Ke2 Qxa1 27.
Bxc6+ Kxc6 28. Qe4+ Kb5 29. Qd3+ Ka4 30. Qc2+ Kxa3 31. Rf3+ Kxb4 32. Rb3+ Ka5
33. Rb6 Rab8 34. Qd2+ Ka4 35. Qb4# 1-0

[Event "Mechanics' Summer TNM; 30/90, SD/30"]
[Site "San Francisco"]
[Date "2012.06.12"]
[Round "4.11"]
[White "Chernobilskiy, Mikhail"]
[Black "Grey, Peter"]
[Result "0-1"]
[WhiteElo "1855"]
[BlackElo "2000"]
[PlyCount "98"]
[EventDate "2012.??.??"]

1. e4 c5 2. Nf3 e6 3. d4 cxd4 4. Nxd4 Nf6 5. Nc3 Nc6 6. Be3 Bb4 7. Bd3 d5 8.
Nxc6 bxc6 9. e5 d4 10. O-O dxe3 11. exf6 exf2+ 12. Kh1 Bxc3 13. bxc3 Qxf6 14.
Be4 O-O 15. Qd4 Qxd4 16. cxd4 Ba6 17. Rxf2 Rac8 18. Kg1 Rfd8 19. Rd2 Bc4 20. a4
c5 21. Rad1 f5 22. Bf3 Bd5 23. dxc5 Rxc5 24. c4 Rxc4 25. Bxd5 Rxd5 26. Rxd5
exd5 27. Rxd5 Rxa4 28. Rxf5 g6 29. Rf3 Ra2 30. Kf1 a5 31. h3 a4 32. Kg1 Kg7 33.
Kh2 Rb2 34. Ra3 Rb4 35. Rf3 Rb5 36. Ra3 Ra5 37. Kg3 Kf6 38. Kf3 Ke5 39. Ke3 g5
40. g3 Kd5 41. Kd3 Kc5 42. Kc3 Kb5 43. Ra1 a3 44. Rb1+ Kc6 45. Kd3 a2 46. Ra1
Kd5 47. Kd2 Ke4 48. Ke2 Ra3 49. h4 g4 0-1

[Event "Mechanics' Summer TNM; 30/90, SD/30"]
[Site "San Francisco"]
[Date "2012.07.10"]
[Round "8.11"]
[White "Chernobilskiy, Mikhail"]
[Black "Jaffray, John"]
[Result "1-0"]
[WhiteElo "1855"]
[BlackElo "2031"]
[PlyCount "45"]
[EventDate "2012.??.??"]

1. e4 c5 2. d4 cxd4 3. c3 dxc3 4. Nxc3 d6 5. Nf3 e6 6. Bc4 a6 7. O-O Be7 8. Qe2
Nf6 9. Rd1 Qc7 10. e5 dxe5 11. Nxe5 Nc6 12. Bf4 Nxe5 13. Bxe5 Qc5 14. Rac1 O-O
15. Bd3 Qa5 16. h3 g6 17. g4 Nd7 18. Bg3 b6 19. Nd5 Bd8 20. b4 Qxd5 21. Be4
Qxd1+ 22. Qxd1 Ra7 23. Rxc8 1-0

[Event "Mechanics' Mar TNM; 30/90, SD/30"]
[Site "San Francisco"]
[Date "2012.09.18"]
[Round "8.7"]
[White "Chernobilskiy, Mikhail"]
[Black "Klinetobe, David"]
[Result "1/2-1/2"]
[WhiteElo "1855"]
[BlackElo "2055"]
[PlyCount "93"]
[EventDate "2012.??.??"]

1. c4 Nf6 2. Nc3 c5 3. Nf3 e6 4. e4 Nc6 5. d4 cxd4 6. Nxd4 d6 7. Nxc6 bxc6 8.
g4 Be7 9. Bg2 e5 10. h3 Be6 11. Qe2 O-O 12. O-O Nd7 13. f4 exf4 14. Bxf4 Ne5
15. b3 Qa5 16. Bd2 Qb6+ 17. Be3 Qc7 18. Rad1 Rad8 19. Qf2 Rd7 20. Rd2 Bf6 21.
Ne2 Rfd8 22. Rfd1 h6 23. Ng3 Bxg4 24. Rf1 Be6 25. Bxh6 Be7 26. Be3 Bh4 27. Qe1
Ng6 28. Bf2 Nf4 29. Nf5 Nxg2 30. Kxg2 Bxf2 31. Qxf2 Bxf5 32. Qxf5 d5 33. exd5
Rd6 34. Rdf2 Rg6+ 35. Kh1 Rd7 36. dxc6 Qxc6+ 37. Qf3 Qc7 38. Rg2 Rdd6 39. Rfg1
Rxg2 40. Rxg2 Qe7 41. Qg3 Qf6 42. h4 Rd4 43. h5 Rh4+ 44. Rh2 Qf1+ 45. Qg1 Qf3+
46. Qg2 Qd1+ 47. Qg1 1/2-1/2

[Event "Mechanics' Fall TNM; 30/90, SD/30"]
[Site "San Francisco"]
[Date "2012.11.27"]
[Round "7.14"]
[White "Chernobilskiy, Mikhail"]
[Black "Matchen, George"]
[Result "1-0"]
[WhiteElo "1871"]
[BlackElo "1584"]
[Annotator "Donaldson"]
[PlyCount "59"]
[EventDate "2012.??.??"]

1. e4 e5 2. Nf3 Nf6 3. d4 exd4 4. e5 Ne4 5. Qxd4 d5 6. exd6 Nxd6 7. Bg5 Qd7 8.
Nc3 Nc6 9. Qe3+ Qe6 10. O-O-O Qxe3+ 11. Bxe3 Bd7 12. h4 O-O-O 13. h5 h6 14. Be2
Nf5 15. Bf4 Bd6 16. Bxd6 Nxd6 $16 17. Nd4 Rhe8 18. Rhe1 Nxd4 19. Rxd4 Nb5 20.
Nxb5 (20. Rxd7 Rxd7 21. Nxb5) 20... Bxb5 21. Bg4+ Kb8 22. Rxd8+ Rxd8 23. Re7
Rf8 24. g3 Bc6 25. c4 f5 26. Bd1 Rg8 27. Bc2 Bf3 28. Bxf5 Bxh5 29. g4 g6 30.
Be6 1-0

[Event "Mechanics' Fall TNM; 30/90, SD/30"]
[Site "San Francisco"]
[Date "2012.12.11"]
[Round "9.11"]
[White "Chernobilskiy, Mikhail"]
[Black "Shi, Jaysen"]
[Result "1-0"]
[WhiteElo "1871"]
[BlackElo "1658"]
[PlyCount "53"]
[EventDate "2012.??.??"]

1. e4 e6 2. d4 d5 3. Nd2 Nc6 4. c3 dxe4 5. Nxe4 Nf6 6. Nxf6+ Qxf6 7. Nf3 h6 8.
Qb3 a6 9. a4 Bd6 10. Be3 O-O 11. Be2 Ne7 12. g4 Bf4 13. O-O-O Bxe3+ 14. fxe3
Nd5 15. c4 Nb6 16. a5 Nd7 17. h4 b6 18. g5 Qg6 19. h5 Qe4 20. gxh6 bxa5 21.
hxg7 Rd8 22. h6 Nf6 23. Rh4 Qb7 24. Qd3 Rb8 25. h7+ Kxg7 26. h8=Q+ Rxh8 27.
Rg1+ 1-0

[Event "Mechanics' Fall TNM; 30/90, SD/30"]
[Site "San Francisco"]
[Date "2012.11.13"]
[Round "5.15"]
[White "Chernobilskiy, Mikhail"]
[Black "Solomonik, Edgar"]
[Result "0-1"]
[WhiteElo "1871"]
[BlackElo "1651"]
[PlyCount "50"]
[EventDate "2012.??.??"]

1. e4 c5 2. Nf3 d6 3. d4 cxd4 4. Qxd4 Nc6 5. Bb5 Qc7 6. c4 Nf6 7. O-O e6 8. Nc3
Bd7 9. Qd3 Be7 10. Rd1 a6 11. Ba4 O-O 12. b3 Nb4 13. Qe2 b5 14. cxb5 Qxc3 15.
Ba3 Qc2 16. Rd2 Qxe4 17. Qxe4 Nxe4 18. Re2 d5 19. Ne5 Bxb5 20. Bxb5 axb5 21.
Bb2 Rfc8 22. f3 Nc5 23. Bd4 Ncd3 24. Nd7 Rc1+ 25. Rxc1 Nxc1 0-1

[Event "Mechanics' Summer TNM; 30/90, SD/30"]
[Site "San Francisco"]
[Date "2012.05.29"]
[Round "2.7"]
[White "Chernobilskiy, Mikhail"]
[Black "Todortsev, Victor"]
[Result "1-0"]
[WhiteElo "1855"]
[BlackElo "1969"]
[PlyCount "71"]
[EventDate "2012.??.??"]

1. c4 c5 2. Nc3 Nf6 3. Nf3 d6 4. d4 cxd4 5. Nxd4 g6 6. e4 Bg7 7. Be2 Nc6 8. Be3
O-O 9. O-O Bd7 10. Rb1 Qa5 11. f4 Rac8 12. g4 Nxd4 13. Bxd4 Bc6 14. Qd3 e5 15.
b4 Qc7 16. Bxa7 b6 17. g5 Ne8 18. Bg4 Rd8 19. b5 Ba8 20. f5 Qxa7 21. f6 Bh8 22.
Qh3 Qc7 23. Rf3 Qxc4 24. Re1 Nc7 25. Qh6 Ne6 26. Rh3 Nxg5 27. Qxg5 Qd4+ 28.
Ree3 Bxf6 29. Qxf6 h5 30. Bxh5 Bxe4 31. Nxe4 Rc8 32. Bxg6 Rc1+ 33. Kg2 Qb2+ 34.
Nf2 Qxf2+ 35. Kxf2 fxg6 36. Rh8# 1-0

[Event "Mechanics' Mar TNM; 30/90, SD/30"]
[Site "San Francisco"]
[Date "2012.08.21"]
[Round "4.23"]
[White "Cole, Tony"]
[Black "Afkham-Ebrahimi, Payam"]
[Result "0-1"]
[WhiteElo "1604"]
[BlackElo "1873"]
[PlyCount "80"]
[EventDate "2012.??.??"]

1. e4 d5 2. exd5 Qxd5 3. Nc3 Qa5 4. Bc4 Nf6 5. Nf3 Nc6 6. d3 Bg4 7. h3 Bh5 8.
Bd2 Ne5 9. Nd5 Nxf3+ 10. gxf3 Qc5 11. Be3 Qd6 12. Bf4 e5 13. Nxf6+ Qxf6 14.
Bxe5 Qxe5+ 15. Qe2 Qxe2+ 16. Kxe2 Bd6 17. Bd5 c6 18. Be4 O-O 19. d4 f5 20. Bd3
Rae8+ 21. Kf1 Bxf3 22. Rg1 Rf6 23. Bc4+ Kf8 24. Bd3 Bf4 25. h4 Bd2 26. Rg3 Bg4
27. Kg2 Bf4 28. Rh3 Bxh3+ 29. Kxh3 g6 30. Kg2 Rd6 31. c3 c5 32. h5 cxd4 33.
hxg6 hxg6 34. cxd4 Rxd4 35. Bb5 Re5 36. Bf1 g5 37. a4 g4 38. Ra3 Rd1 39. Rc3
Ree1 40. Rc8+ Ke7 0-1

[Event "Mechanics' Mar TNM; 30/90, SD/30"]
[Site "San Francisco"]
[Date "2012.09.11"]
[Round "7.21"]
[White "Cole, Tony"]
[Black "De Lenea, Digne"]
[Result "0-1"]
[WhiteElo "1604"]
[BlackElo "1906"]
[PlyCount "46"]
[EventDate "2012.??.??"]

1. e4 e6 2. Nf3 c5 3. Nc3 Nc6 4. Bc4 a6 5. a3 b5 6. Ba2 Qc7 7. d4 cxd4 8. Nxd4
Bc5 9. Be3 Ne5 10. f4 Nc4 11. Bxc4 bxc4 12. e5 Bb7 13. O-O Ne7 14. Na4 Nd5 15.
Re1 Nxe3 16. Rxe3 Bxd4 17. Qxd4 Qc6 18. Rg3 Qxa4 19. b3 Qc6 20. bxc4 O-O 21.
Rf1 Rac8 22. f5 Qc5 23. Qxc5 Rxc5 0-1

[Event "Mechanics' Spring TNM; 30/90, SD/30"]
[Site "San Francisco"]
[Date "2012.04.03"]
[Round "4.29"]
[White "Cole, Tony"]
[Black "Harris, Clarence"]
[Result "1-0"]
[WhiteElo "1484"]
[BlackElo "1395"]
[PlyCount "57"]
[EventDate "2012.??.??"]

1. e4 e5 2. Nf3 Nc6 3. Nc3 Nf6 4. Bc4 Bc5 5. d3 O-O 6. Bg5 h6 7. Bh4 Qe8 8.
Bxf6 gxf6 9. Nd5 Qd8 10. Nh4 f5 11. Nxf5 Kh7 12. h4 d6 13. Qh5 Bxf5 14. Qxf5+
Kg7 15. Rh3 Nd4 16. Qg4+ Kh8 17. O-O-O Rg8 18. Qh5 Rg6 19. Rg3 Ne2+ 20. Qxe2
Rxg3 21. fxg3 c6 22. Ne3 Qb6 23. Nf5 d5 24. exd5 cxd5 25. Qxe5+ f6 26. Qf4 Bf8
27. Bxd5 Re8 28. Qg4 Bc5 29. Qg7# 1-0

[Event "Mechanics' Summer TNM; 30/90, SD/30"]
[Site "San Francisco"]
[Date "2012.06.26"]
[Round "6.14"]
[White "Cole, Tony"]
[Black "Krasnov, Steven"]
[Result "0-1"]
[WhiteElo "1547"]
[BlackElo "1994"]
[PlyCount "74"]
[EventDate "2012.??.??"]

1. e4 c5 2. Nc3 a6 3. Nf3 b5 4. d4 cxd4 5. Nxd4 Bb7 6. Bd3 d6 7. O-O Nf6 8. Qf3
Nbd7 9. b4 e6 10. Bg5 Be7 11. Bxf6 Bxf6 12. Nce2 O-O 13. Qh3 Ne5 14. c3 Qb6 15.
Bc2 g6 16. a4 Nc4 17. Kh1 Nd2 18. Rfd1 Nxe4 19. Bxe4 Bxe4 20. f3 Bd5 21. Nf4
Bc4 22. Nd3 e5 23. a5 Qc7 24. Ne2 Rfe8 25. Rac1 Rac8 26. Qh6 Qe7 27. Qh3 Be6
28. g4 h5 29. Nf2 d5 30. Re1 Bh4 31. Rf1 Rc4 32. Qg2 Bxf2 33. Rxf2 hxg4 34. f4
Bf5 35. Kg1 exf4 36. Nxf4 Rxf4 37. Rxf4 Qe3+ 0-1

[Event "Mechanics' Spring TNM; 30/90, SD/30"]
[Site "San Francisco"]
[Date "2012.04.17"]
[Round "6.30"]
[White "Cole, Tony"]
[Black "Mar, Henry"]
[Result "0-1"]
[WhiteElo "1484"]
[BlackElo "1500"]
[PlyCount "58"]
[EventDate "2012.??.??"]

1. e4 c6 2. Nc3 d5 3. d4 dxe4 4. Nxe4 Bf5 5. f3 e6 6. c3 Bxe4 7. fxe4 Qh4+ 8.
Ke2 Qxe4+ 9. Be3 Nf6 10. Qd3 Qg4+ 11. Nf3 h6 12. h3 Qg6 13. Bf2 Bd6 14. Ne5
Bxe5 15. dxe5 Qh5+ 16. g4 Qxe5+ 17. Qe3 Qb5+ 18. Kf3 Qa5 19. b4 Qc7 20. Kg2 Qd7
21. Bg3 Qe7 22. Bxb8 Rxb8 23. Qxa7 O-O 24. Rd1 Ra8 25. Qe3 Rxa2+ 26. Rd2 Rxd2+
27. Qxd2 Rd8 28. Qc2 Qd6 29. h4 Qd5+ 0-1

[Event "Mechanics' Summer TNM; 30/90, SD/30"]
[Site "San Francisco"]
[Date "2012.05.29"]
[Round "2.19"]
[White "Cole, Tony"]
[Black "Margulis, Igor"]
[Result "1/2-1/2"]
[WhiteElo "1547"]
[BlackElo "2100"]
[PlyCount "37"]
[EventDate "2012.??.??"]

1. e4 d5 2. exd5 Nf6 3. c4 c6 4. Nc3 cxd5 5. cxd5 Nxd5 6. Nxd5 Qxd5 7. Qf3 Qe5+
8. Ne2 Nc6 9. Qf4 g6 10. d4 Qd5 11. Be3 Bg7 12. Nc3 Qa5 13. Bb5 O-O 14. O-O e5
15. dxe5 Bxe5 16. Qa4 Bxc3 17. bxc3 Bf5 18. Bh6 Rfc8 19. Rad1 {
remainder illegible} 1/2-1/2

[Event "Mechanics' Summer TNM; 30/90, SD/30"]
[Site "San Francisco"]
[Date "2012.06.12"]
[Round "4.17"]
[White "Cole, Tony"]
[Black "Matsuda, Leo"]
[Result "1-0"]
[WhiteElo "1547"]
[BlackElo "1814"]
[PlyCount "49"]
[EventDate "2012.??.??"]

1. e4 c5 2. Nc3 d6 3. Nf3 Nc6 4. Bc4 Nf6 5. d3 g6 6. Bg5 h6 7. Bxf6 exf6 8. d4
cxd4 9. Nxd4 Bg7 10. Qd2 O-O 11. O-O-O Nxd4 12. Qxd4 f5 13. Qxd6 Qg5+ 14. Kb1
Bxc3 15. bxc3 fxe4 16. h4 Qa5 17. Qxg6+ Kh8 18. Qxh6+ Kg8 19. Qg6+ Kh8 20. Bxf7
Qb6+ 21. Ka1 Rxf7 22. Qxf7 Be6 23. Qf6+ Kg8 24. Rh3 Bxh3 25. Rd6 1-0

[Event "Mechanics' Fall TNM; 30/90, SD/30"]
[Site "San Francisco"]
[Date "2012.10.16"]
[Round "1.12"]
[White "Cole, Tony"]
[Black "Nagarajan, Pranav"]
[Result "0-1"]
[WhiteElo "1523"]
[BlackElo "1997"]
[PlyCount "68"]
[EventDate "2012.??.??"]

1. e4 c5 2. Nc3 Nc6 3. Nf3 g6 4. Bc4 Bg7 5. Nd5 e6 6. Nf4 Nge7 7. c3 O-O 8. d3
d5 9. exd5 Nxd5 10. Bd2 Nb6 11. h4 e5 12. Nh3 e4 13. Bg5 Qe8 14. Bxf7+ Rxf7 15.
Qe2 Bxh3 16. dxe4 Bxg2 17. Nd2 Bxh1 18. f3 Ne5 19. f4 Nec4 20. O-O-O Nxd2 21.
Qxd2 Qxe4 22. Re1 Qd5 23. Qh2 Bf3 24. Qf2 h6 25. b3 hxg5 26. hxg5 Bxc3 27. Rf1
Re8 28. Qc2 Qe4 29. Qxc3 Qe3+ 30. Qxe3 Rxe3 31. Kd2 Re2+ 32. Kd3 Rd7+ 33. Kc3
Be4 34. Rd1 Rxd1 0-1